000 00206 a2200097 4500
001 24257
100 _aChipman, R.B
245 _atransmission line
260 _a
_bMcGraw-Hill
_c1966
090 _c16445
_d16445
942 _aNUST-CAE
_cM
_c7164
999 _c259330
_d259330